Polskie miasta na literę G - Statystyki

Ogólne statystyki
  • Ten quiz został rozwiązany 501 razy
  • Średni wynik to 5 z 7
Statystyki odpowiedzi
Województwo Miasto % Poprawnych
Pomorskie Gdańsk
97%
Pomorskie Gdynia
96%
Lubuskie Gorzów Wielkopolski
84%
Śląskie Gliwice
72%
Wielkopolskie Gniezno
71%
Kujawsko-Pomorskie Grudziądz
65%
Dolnośląskie Głogów
52%
Nie znaleziono quizów pasujących do podanych kryteriów
Rozkład punktacji
Procent ludzi z każdym wynikiem
Percentyl według liczby udzielonych odpowiedzi
Twoja historia wyników
Nie rozwiązałeś tego quizu